WWE Title Changes- 2017 - Statistics

General Stats
  • This quiz has been taken 293 times
    193 since last reset
  • The average score is 35 of 55
Answer Stats
Answer % Correct
AJ Styles
87%
Kevin Owens
87%
Randy Orton
84%
Brock Lesnar
83%
John Cena
83%
Seth Rollins
82%
Bray Wyatt
81%
Goldberg
81%
Jinder Mahal
81%
Roman Reigns
79%
Big E
78%
Charlotte Flair
78%
Dean Ambrose
78%
Kofi Kingston
78%
Alexa Bliss
76%
Xavier Woods
76%
Sasha Banks
75%
Bayley
74%
Jey Uso
74%
The Miz
74%
Sheamus
73%
Cesaro
72%
Jimmy Uso
72%
Naomi
71%
Shinsuke Nakamura
68%
Bobby Roode
67%
Chris Jericho
67%
Drew McIntyre
64%
Jason Jordan
64%
Asuka
63%
Dolph Ziggler
62%
Neville
62%
Natalya
60%
Adam Cole
58%
Chad Gable
58%
Jeff Hardy
58%
Matt Hardy
58%
Enzo Amore
56%
Akam
53%
Karl Anderson
53%
Luke Gallows
53%
Bobby Fish
52%
Johnny Gargano
50%
Andrade 'Cien' Almas
49%
Baron Corbin
49%
Roderick Strong
49%
Kalisto
47%
Kyle O'Reilly
47%
Ember Moon
46%
Rezar
45%
Tomasso Ciampa
37%
Rich Swann
35%
Eric Young
26%
Alexander Wolfe
25%
Akira Tozawa
24%
No matching quizzes found
Score Distribution
Percent of People with Each Score
Percentile by Number Answered
Your Score History
You have not taken this quiz since the last reset